Schnelle Mathematik - Multiplikation zur Basis 8 Level 01 - Statistiken

Allgemein
  • Dieses Quiz wurde 71 mal gespielt
  • Das Durchschnittsergebnis liegt bei 17 aus 20
Antwortstatistiken
Frage Antwort % Korrekt
0⋅3 0
100%
2⋅3 6
100%
0⋅0 0
92%
0⋅1 0
92%
0⋅2 0
92%
1⋅0 0
92%
2⋅0 0
92%
3⋅0 0
92%
0⋅0 0
92%
1⋅1 1
92%
1⋅1 1
92%
1⋅2 2
92%
2⋅1 2
92%
1⋅3 3
92%
3⋅1 3
92%
2⋅2 4
92%
2⋅2 4
92%
3⋅2 6
92%
3⋅3 11
25%
3⋅3 11
25%
Keine übereinstimmenden Quizze gefunden
Verteilung der Resultate
Anzahl Personen mit jedem Resultat
Perzentil nach korrekt beantworteten Fragen
Ihre Resultats-Entwicklung
Sie haben dieses Quiz noch nicht gespielt